Квиз о Аргентини - Statistics

General Stats
  • This quiz has been taken 139 times
  • The average score is 13 of 22
Answer Stats
Опис Одговор % Correct
Званичан језик Шпански
99%
Седмоструки освајач златне лопте Лионел Меси
92%
Фудбалер који је дао "гол века" Дијего Марадона
90%
Главни град Буенос Ајрес
89%
Плес који потиче из Аргентине Танго
89%
Валута Пезос
81%
Архипелаг на југу {Огњена} земља
76%
Планински венац у коме се налази Анди
76%
Хемијски елемент по коме је Аргентина названа Сребро
70%
Марксистички револуционар рођен у Аргентини Че Гевара
69%
Држава против које је Аргентина водила рат 1982. Уједињено Краљевство
67%
Папа рођен у Аргентини Фрања
63%
Термин за аргентинског каубоја Гаучо
51%
Слабо насељена јужна регија коју ова држава дели са Чилеом Патагонија
49%
Острва око којих су се борили Фолкландска острва
45%
Естуар између Аргентине и Уругваја Ла {Плата}
43%
Плодна травната равница на северу Пампа
42%
Жена председника Перона Ева
39%
Број у економији који је достигао вредност од 12,000% у 1989. Инфлација
37%
Највиша планина Аконкагва
31%
Водопади на граници са Бразилом Игуасу
18%
Назив за аргентински роштиљ Асадо
6%
No matching quizzes found
Score Distribution
Percent of People with Each Score
Percentile by Number Answered
Your Score History
You have not taken this quiz